Logo CIB grande

EL ZAMORANO: AFRONTANDO EL RETO DE LA AMERICA TROPICAL (Registro nro. 222590)

Detalles MARC
000 -LEADER
campo de control de longitud fija 00889nam a2200241Ia 4500
005 - FECHA Y HORA DE LA ÚLTIMA TRANSACCIÓN
campo de control 20250425162119.0
008 - DATOS DE LONGITUD FIJA--INFORMACIÓN GENERAL
campo de control de longitud fija 250425s9999 xx 000 0 und d
020 ## - NÚMERO INTERNACIONAL ESTÁNDAR DEL LIBRO
Número Internacional Estándar del Libro 0967261910
041 ## - CÓDIGO DE IDIOMA
Código de lengua del texto/banda sonora o título independiente spa
082 ## - NÚMERO DE LA CLASIFICACIÓN DECIMAL DEWEY
Número de clasificación 920
010 ## - NÚMERO DE CONTROL DE LA BIBLIOTECA DEL CONGRESO
Número de control de LC 50866
100 ## - ENTRADA PRINCIPAL--NOMBRE DE PERSONA
Nombre de persona MALO, SIMON E.
245 #0 - MENCIÓN DEL TÍTULO
Título EL ZAMORANO: AFRONTANDO EL RETO DE LA AMERICA TROPICAL
250 ## - MENCION DE EDICION
Mención de edición 1A ED.
260 ## - PUBLICACIÓN, DISTRIBUCIÓN, ETC.
Lugar de publicación, distribución, etc. Estados Unidos
Nombre del editor, distribuidor, etc. SIMBAD BOOKS
Fecha de publicación, distribución, etc. 1999
260 ## - PUBLICACIÓN, DISTRIBUCIÓN, ETC.
Lugar de publicación, distribución, etc. NEW YORK
300 ## - DESCRIPCIÓN FÍSICA
Extensión 668
500 ## - NOTA GENERAL
Nota general D-30473/474 C.2 CIBGZ-FIMCP PARA ING. AGROPECUARIA
520 ## - RESUMEN, ETC.
Sumario, etc. SAMUEL ZAMURRAY LLEGO A AMERICA ADOLESCENTE AUN QUE SE CONVERTIRIA EN UN PODEROSO MAGNATE Y QUIEN ENTRE SUS MUCHAS OBRAS Y EMPRESAS ESTABLERIA UNA SINGULAR INSTITUCION EN LATINOAMERICA LA ESCUELA AGRICOLA PANAMERICANA. TENIA UN LIGERO ACENTO RUSO Y CAPTAB
650 ## - PUNTO DE ACCESO ADICIONAL DE MATERIA--TÉRMINO DE MATERIA
Término de materia o nombre geográfico como elemento de entrada ESCUELA AGRICOLA PANAMERICANA, ZAMORANO
650 ## - PUNTO DE ACCESO ADICIONAL DE MATERIA--TÉRMINO DE MATERIA
Término de materia o nombre geográfico como elemento de entrada HISTORIA
942 ## - ELEMENTOS DE ENTRADA SECUNDARIOS (KOHA)
Tipo de ítem Koha Libros
Existencias
Estatus retirado Estado de pérdida Estado de daño No para préstamo Biblioteca de origen Biblioteca actual Fecha de adquisición Coste, precio normal de compra Total de préstamos Código de barras Copia número
        FACULTAD DE INGENIERIA MECANICA Y CIENCIAS DE LA PRODUCCION FACULTAD DE INGENIERIA MECANICA Y CIENCIAS DE LA PRODUCCION 22/09/2003 2.00   D-30473 1
        FACULTAD DE INGENIERIA MECANICA Y CIENCIAS DE LA PRODUCCION FACULTAD DE INGENIERIA MECANICA Y CIENCIAS DE LA PRODUCCION 22/09/2003 2.00   D-30474 2
        FACULTAD DE INGENIERIA MECANICA Y CIENCIAS DE LA PRODUCCION FACULTAD DE INGENIERIA MECANICA Y CIENCIAS DE LA PRODUCCION 01/06/2011 2.00   D-79334 9

Copyright 2025 ESPOL. Todos los derechos reservados.